000 00754nam a2200229 u 4500
005 20241210063748.0
008 160908s2013 r 000 0 eng d
020 _a9789508088314
035 _aUPN01000212973
049 _aCG
050 4 _aPN181
_bA2.2
100 1 _aActis, Beatriz,
_d1961-
_928667
245 1 4 _aLas aulas de literatura :
_bde los textos a la teoría y de la teoría a los textos /
_cBeatriz Actis, Ricardo Barberis.
260 _aRosario, Arg. :
_bHomo Sapiens,
_cc2013.
300 _a164 p.
440 0 _aLeer y escribir
650 4 _aESCRITURA CREATIVA -
_xESTUDIO Y ENSEÑANZA
_920991
650 4 _aLiteratura
_xEstudio y enseñanza
_97638
700 1 _aBarberis, Ricardo,
_d1962-
_ecoaut.
905 _aLibro
999 _c185073
_d185073